000 00384nam a2200109Ia 4500
008 160909s9999 xx 000 0 und d
100 _aBurke, Monica
245 _aMat space for at-risk youth: A comprehensive wellness program grant
260 _bCalifornia State University, Long Beach.
_c2016
650 _aNursing
856 _uhttp://pqdtopen.proquest.com/doc/1767384136.html?FMT=ABS
999 _c303971
_d303971